VALORANT - Weapon Damage Quiz - Statistics

General Stats
  • This quiz has been taken 236 times
  • The average score is 25 of 53
Answer Stats
Weapon Type Answer % Correct
Vandal Head 160
81%
Classic Head 78/66
80%
Sheriff Body 55/50
78%
Sheriff Head 159/145
76%
Phantom Head 156/140/124
75%
Ghost Head 105/87
74%
Vandal Body 40
73%
Marshal Body 101
72%
Operator Body 150
71%
Classic Body 26/22
66%
Ghost Body 30/25
66%
Marshal Head 202
64%
Classic Legs 22/18
62%
Phantom Body 39/35/31
62%
Melee Right Click 75/150
62%
Melee Left Click 50/100
61%
Operator Legs 120
56%
Vandal Legs 34
55%
Guardian Body 65
55%
Operator Head 255
53%
Ghost Legs 25/21
52%
Guardian Head 195
51%
Bulldog Head 115
50%
Sheriff Legs 46/42
49%
Spectre Head 78/66/60
49%
Phantom Legs 33/29/26
48%
Frenzy Head 78/63
46%
Shorty Head 22/12/6
45%
Frenzy Body 26/21
44%
Shorty Legs 9/5/2
44%
Shorty Body 11/6/3
43%
Bulldog Body 35
42%
Frenzy Legs 22/17
41%
Spectre Body 26/22/20
40%
Spectre Legs 22/18/17
38%
Marshal Legs 85
36%
Bulldog Legs 29
35%
Guardian Legs 48
30%
Stinger Head 67/57
30%
Bucky Head 40/26/18
28%
Bucky Legs 17/11/7
26%
Bucky Body 20/13/9
26%
Stinger Legs 22/19
26%
Stinger Body 27/23
26%
Judge Legs 14/8/5
25%
Judge Body 17/10/7
25%
Judge Head 34/20/14
25%
Odin Head 95/77
21%
Ares Body 30/28
19%
Ares Legs 25/23
18%
Odin Body 38/31
18%
Ares Head 72/67
17%
Odin Legs 32/26
16%
No matching quizzes found
Score Distribution
Percent of People with Each Score
Percentile by Number Answered
Your Score History
You have not taken this quiz